| 000 | 00931cam a2200229 4500 | ||
|---|---|---|---|
| 001 | ABS63052 | ||
| 008 | 000000n2000 000 0 eng u | ||
| 035 | _a(Sirsi) u108784 | ||
| 100 | _aBarnes, R. | ||
| 245 | _aContracting in cyberspace | ||
| 260 | _c2000 | ||
| 490 |
_aBuilding _v265(8153) 15 September 2000, 84-85(2) |
||
| 520 | _aDiscusses contracts transacted over the Internet. Although these are no different from traditional contracts, warns that disputes over when and where an e-contract was formed may arise. Provides practical guidance on precautions that can be taken to minimise such disputes. For instance, when discussing a potential transaction, recommends that an email is marked "subject to contract". | ||
| 590 | _aABS | ||
| 650 |
_aContracts _96232 |
||
| 650 | _aE-MAIL | ||
| 650 | _aINTERNET | ||
| 650 | _aELECTRONIC COMMERCE | ||
| 650 | _aEUROPEAN DIRECTIVES | ||
| 690 | _aLAW | ||
| 942 | _n0 | ||
| 999 |
_c64944 _d64944 |
||